Construction Of Deeds And Statutes (Record no. 671000)

MARC details
000 -LEADER
fixed length control field 00346nam a2200133Ia 4500
008 - FIXED-LENGTH DATA ELEMENTS--GENERAL INFORMATION
fixed length control field 230717s9999 xx 000 0 und d
020 ## - INTERNATIONAL STANDARD BOOK NUMBER
International Standard Book Number 81-7494-010-3
041 ## - LANGUAGE CODE
Language code of text/sound track or separate title eng
082 ## - DEWEY DECIMAL CLASSIFICATION NUMBER
Classification number 346.0438
Item number ODG
100 ## - MAIN ENTRY--PERSONAL NAME
Personal name Odger,Dworkin G
245 ## - TITLE STATEMENT
Title Construction Of Deeds And Statutes
250 ## - EDITION STATEMENT
Edition statement 5ed.
260 ## - PUBLICATION, DISTRIBUTION, ETC.
Place of publication, distribution, etc. Delhi
Name of publisher, distributor, etc. Universal Book Traders
Date of publication, distribution, etc. 1967
Holdings
Withdrawn status Lost status Damaged status Not for loan Collection Home library Current library Shelving location Date acquired Cost, normal purchase price Total Checkouts Full call number Barcode Date last seen Price effective from Koha item type
Withdrawn       NLP LL.B New Law College, Pune New Law College, Pune NLP-Rack No-49 31/03/1999 340.00   346.0438 ODG NLP-N03981 17/07/2023 17/07/2023 Book